| 000 | 00000nam 2200000zi 4500 |
| 001 | 9.933989 |
| 003 | CaOODSP |
| 005 | 20240501092932 |
| 006 | m o d f |
| 007 | cr bn||||||||| |
| 008 | 240215s2007 onc o f000 0 fre d |
| 040 | |aCaOODSP|bfre|erda|cCaOODSP |
| 043 | |an-cn--- |
| 086 | 1 |aPS84-236/2007-1F-PDF |
| 245 | 00|aPlan d'action final - fermeture du dossier - 394-2-20 : |bévaluation du Pavillon de ressourcement Okimaw Ohci. |
| 246 | 10|aÉvaluation du Pavillon de ressourcement Okimaw Ohci |
| 264 | 1|a[Ottawa] : |b[Service correctionnel Canada], |c[2007] |
| 300 | |a1 ressource en ligne (2 pages) |
| 336 | |atexte|btxt|2rdacontent/fre |
| 337 | |ainformatique|bc|2rdamedia/fre |
| 338 | |aressource en ligne|bcr|2rdacarrier/fre |
| 500 | |aTitre de départ. |
| 500 | |aPublié aussi en anglais sous le titre : Final action plan - file closure - 394-2-20 : evaluation of the Okimaw Ohci Healing Lodge. |
| 520 | |a« Recommandations, mesures prises et suivi d'évaluation du Pavillon de ressourcement Okimaw Ohci » -- Page 1. |
| 610 | 26|aOkimaw Ohci Healing Lodge (Maple Creek, Sask.)|xÉvaluation. |
| 650 | 6|aCriminelles|xRéhabilitation|zSaskatchewan|xÉvaluation. |
| 710 | 2 |aService correctionnel Canada, |eorganisme de publication. |
| 775 | 08|tFinal action plan - file closure - 394-2-20 : |w(CaOODSP)9.930187 |
| 856 | 40|qPDF|s38 Ko|uhttps://publications.gc.ca/collections/collection_2024/scc-csc/PS84-236-2007-1-fra.pdf |